|
|
|
|
| LEADER |
02288nam a2200613 i 4500 |
| 001 |
nkc20223436955 |
| 003 |
CZ PrNK |
| 005 |
20230308141015.0 |
| 007 |
ta |
| 008 |
220712s2022 xr f 001 0 cze |
| 015 |
|
|
|a cnb003436955
|
| 020 |
|
|
|a 978-80-7298-595-1
|q (OIKOYMENH ;
|q vázáno)
|
| 035 |
|
|
|a (OCoLC)1369540284
|
| 040 |
|
|
|a ABA001
|b cze
|d BOA001
|e rda
|
| 041 |
1 |
|
|a cze
|h eng
|
| 072 |
|
7 |
|a 14
|x Filozofické systémy a hlediska
|2 Konspekt
|9 5
|
| 080 |
|
|
|a 930.1
|2 MRF
|
| 080 |
|
|
|a 2:1
|2 MRF
|
| 080 |
|
|
|a 2-1:101
|2 MRF
|
| 080 |
|
|
|a 14(091)
|2 MRF
|
| 080 |
|
|
|a (048.8)
|2 MRF
|
| 100 |
1 |
|
|a Löwith, Karl,
|d 1897-1973
|7 jn19990005200
|4 aut
|
| 240 |
1 |
0 |
|a Meaning in history.
|l Česky
|7 aun20231176716
|
| 245 |
1 |
0 |
|a Dějiny a význam dějin /
|c Karl Löwith ; přeložil Tomáš Suchomel
|
| 250 |
|
|
|a Vydání první
|
| 264 |
|
1 |
|a Praha :
|b OIKOYMENH,
|c 2022
|
| 300 |
|
|
|a 274 stran ;
|c 22 cm
|
| 336 |
|
|
|a text
|b txt
|2 rdacontent
|
| 337 |
|
|
|a bez média
|b n
|2 rdamedia
|
| 338 |
|
|
|a svazek
|b nc
|2 rdacarrier
|
| 490 |
1 |
|
|a Oikúmené ;
|v svazek 213
|
| 500 |
|
|
|a Přeloženo z angličtiny
|
| 500 |
|
|
|a Vydal Filosofický ústav AV ČR, v.v.i., ve spolupráci se spolkem OIKOYMENH
|
| 504 |
|
|
|a Obsahuje bibliografii, bibliografické odkazy a rejstřík
|
| 650 |
0 |
7 |
|a filozofie dějin
|7 ph120224
|2 czenas
|
| 650 |
0 |
7 |
|a filozofie a náboženství
|7 ph114541
|2 czenas
|
| 650 |
0 |
7 |
|a teologie a filozofie
|7 ph332188
|2 czenas
|
| 650 |
0 |
7 |
|a dějiny filozofie
|7 ph137168
|2 czenas
|
| 650 |
0 |
9 |
|a philosophy of history
|2 eczenas
|
| 650 |
0 |
9 |
|a philosophy and religion
|2 eczenas
|
| 650 |
0 |
9 |
|a theology and philosophy
|2 eczenas
|
| 650 |
0 |
9 |
|a history of philosophy
|2 eczenas
|
| 655 |
|
7 |
|a monografie
|7 fd132842
|2 czenas
|
| 655 |
|
9 |
|a monographs
|2 eczenas
|
| 700 |
1 |
|
|a Suchomel, Tomáš,
|d 1970-
|7 jn20010309481
|4 trl
|
| 830 |
|
0 |
|a Oikúmené (OIKOYMENH)
|0 s
|
| 910 |
2 |
|
|a BOA001
|b 2-1500.663
|
| 928 |
9 |
|
|a Akademie věd České republiky, Filosofický ústav
|
| 928 |
9 |
|
|a Filosofický ústav AV ČR
|
| 990 |
|
|
|a BK
|
| 995 |
|
|
|a 01
|
| 991 |
|
|
|b 202301
|c NOV
|
| 996 |
6 |
|
|b 2610924434
|c 2-1500.663
|l MZK
|r Sklad / do 1 hodiny
|n 1
|p p.v.
|w 001908143
|u 000010
|a 1
|e BOA001
|j MZK50
|s P
|
| 996 |
7 |
|
|b 2610928350
|c 2-1500.663
|l Vol.výběr
|r VV 0p
|n 2
|p kup
|h 14 LOW
|w 001908143
|u 000020
|a 0
|e BOA001
|j MZK50
|s A
|